000 00713nam a2200253 a 4500
008
020 _a9780415502917 (pbk.)
049 _aMAIN
090 _aTA705
_bBLY
100 1 _aBlyth, F. G. H.
245 1 2 _aA geology for engineers/
_c F.G.H. Blyth, M.H. de Freitas.
250 _a7th ed.
260 _aLondon :
_bE. Arnold,
_c1984
300 _ax, 325 p.:
_bill.,
_c23 cm.
500 _aIncludes bibliographical references.
500 _aIncludes index.
650 0 _aEngineering geology.
700 _ade Freitas, M.H.
907 _a.b10173018
_b19-01-18
_c22-08-05
003
005 20230123134057.0
040 _cNUST
942 _cBOOKS
_kTA705
_mBLY
999 _c159619
_d159619